Histórias ao telefone (Registo nº 4196)

Detalhes MARC
000 -Etiqueta do registo
Cabeçalho 00833nam0a2200277 4500
005 - Identificador da versão
Campo de controlo 20240813122055.0
010 ## - Número internacional normalizado dos livros (ISBN)
Número (ISBN) 9726953596
021 ## - Número do Depósito Legal
Código do país PT
Número 17767/87
100 ## - Dados gerais de processamento
Dados gerais de processamento 20170209d1987 d y0pory5003 ba
102 ## - Pais de publicação ou produção
País de publicação Portugal
101 1# - Língua de publicação
Língua do texto, banda sonora, etc. Português
Língua do documento no original Italiano
106 ## - Campo de dados codificados: material textual
Dados codificados do material textual r
215 ## - Descrição física 
Indicação específica da natureza do documento e extensão da espécie 93, [3] p.
Outras indicações físicas il
200 1# - Titulo e menção de responsabilidade
Título próprio Histórias ao telefone
Primeira menção de responsabilidade Gianni Rodari
Outras menções de responsabilidade trad. Maria da Assunção Santos
-- il. José Pedro Bessa
225 1# - Colecção 
Título próprio da colecção Sésamo
Indicação de volume 7
210 ## - Publicação, Distribuição, etc. 
Lugar da edição, distribuição, etc. Lisboa
Nome do editor, distribuidor, etc. Teorema
Data da publicação, distribuição, etc. D. L. 1987
606 ## - Nome comum usado como assunto
Número de registo de entrada de autoridade 0001426
Palavra de ordem Literatura italiana
Subdivisão de assunto Conto
Código do sistema CA
675 ## - Classificação Decimal Universal (CDU)
Notação 821.131.1-34
Edição 3ª ed.
Língua da edição por
702 #1 - Nome de autor-pessoa física (responsabilidade secundária)
Número de registo de entrada de autoridade 0000849
Palavra de ordem Santos
Outra parte do nome não tomada para palavra de ordem Maria da Assunção
Código de função Tradutor
Número de registo de entrada de autoridade 0000850
Palavra de ordem Bessa
Outra parte do nome não tomada para palavra de ordem José Pedro
Datas 1951-
Código de função Ilustrador / Técnico de desenho computorizado
700 #1 - Nome de autor-pessoa física (responsabilidade principal)
Número de registo de entrada de autoridade 0000848
Palavra de ordem Rodari
Outra parte do nome não tomada para palavra de ordem Gianni
Datas 1920-1980
966 ## - Identificação da Biblioteca
Sigla EBVEN
942 ## - Elementos de entrada adicionados (Koha)
Tipo de item no Koha Livro
Exemplares
Situação do levantamento Origin of item (home branch) (coded) Biblioteca de empréstimo Código de barras Cota Circulation type (not for loan) Tipo de documento Nota do exemplar Damaged status
  Biblioteca Escolar das Vendas Biblioteca Escolar das Vendas BEV139 8EST ROD   Livro Sem mensagem